Statistics for Capitals of the World with an Empty Map

Click here to take the quiz!

General Stats

  • This quiz has been taken 2,399 times
    (2,364 since last reset)
  • The average score is 161 of 196

Answers on the Map

Answers color-coded by a green-red scale on the quiz's map according to % correct below.
Loading ...
 

Answer Stats

Capital % Correct
Washington D.C.
96%
Berlin
96%
Paris
96%
Mexico City
96%
Warsaw
95%
Helsinki
95%
Rome
95%
Moscow
95%
Madrid
95%
Stockholm
94%
Bern
94%
Ottawa
94%
Lisbon
94%
Beijing
94%
Oslo
94%
London
94%
Cairo
94%
Brasília
94%
Prague
93%
Pretoria / Cape Town / Bloemfontein
93%
Tokyo
93%
New Delhi
93%
Buenos Aires
93%
Canberra
93%
Vienna
93%
Kiev
93%
Brussels
93%
Budapest
92%
Dublin
92%
Copenhagen
92%
Panama City
92%
Lima
92%
Bogotá
92%
Amsterdam
92%
Athens
92%
Wellington
91%
Ankara
91%
Tehran
91%
Bucharest
91%
Caracas
91%
Seoul
91%
Baghdad
91%
Bangkok
91%
Luxembourg
90%
Montevideo
90%
Santiago
90%
Algiers
90%
Jakarta
90%
Havana
90%
Minsk
90%
Islamabad
90%
La Paz / Sucre
89%
Vatican City
89%
Jerusalem
89%
Riga
89%
Guatemala City
88%
Hanoi
88%
Kingstown
88%
Kingston
88%
Nairobi
88%
Tallinn
88%
Ulaanbaatar
88%
Pyongyang
88%
Tunis
88%
San Marino
88%
Sofia
88%
Tripoli
88%
Vilnius
87%
Rabat
87%
Bratislava
87%
Kabul
87%
Quito
87%
Zagreb
87%
San José
86%
Andorra la Vella
86%
Reykjavík
86%
Abu Dhabi
86%
Damascus
86%
Asunción
86%
Singapore
86%
Belgrade
86%
Riyadh
86%
Manila
85%
Tirana
85%
Kathmandu
85%
Addis Ababa
85%
San Salvador
85%
Sarajevo
85%
Dhaka
85%
Kuala Lumpur
85%
Nur-Sultan
84%
Port-au-Prince
84%
Pristina
84%
Skopje
84%
Kinshasa
84%
Taipei
84%
Monaco
84%
Valletta
84%
Ljubljana
83%
Baku
83%
Georgetown
83%
Tbilisi
83%
Vaduz
83%
Amman
83%
Chișinău
82%
Nicosia
82%
Managua
82%
Khartoum
82%
Beirut
82%
Doha
82%
Sana'a
82%
Dakar
81%
Djibouti
81%
Kuwait City
81%
Freetown
81%
Mogadishu
81%
Yerevan
81%
Podgorica
81%
Santo Domingo
80%
Abuja
80%
Windhoek
80%
Luanda
80%
Muscat
80%
Brazzaville
79%
Vientiane
79%
Accra
79%
Tashkent
79%
Port-of-Spain
79%
Juba
79%
Paramaribo
79%
Tegucigalpa
78%
Phnom Penh
78%
Nassau
78%
Kampala
78%
Harare
78%
Port Moresby
78%
Bissau
77%
Belmopan
77%
Ashgabat
76%
São Tomé
76%
Thimphu
76%
Malé
76%
Bishkek
75%
Victoria
75%
Antananarivo
75%
Libreville
75%
Dodoma
74%
Lusaka
74%
Dushanbe
74%
Dili
74%
N'Djamena
74%
Manama
74%
Gaborone
74%
Saint John's
74%
Bamako
74%
Kigali
73%
Yaoundé
73%
Maputo
73%
Lomé
73%
Niamey
73%
Asmara
73%
Bridgetown
73%
Monrovia
73%
Saint George's
73%
Suva
72%
Banjul
72%
Conakry
72%
Bangui
72%
Praia
72%
Sri Jayawardenepura Kotte
71%
Port Louis
71%
Porto-Novo / Cotonou
71%
Ouagadougou
71%
Lilongwe
70%
Bandar Seri Begawan
69%
Naypyidaw
69%
Nouakchott
69%
Apia
69%
Maseru
68%
Roseau
68%
Mbabane
66%
Malabo
66%
Moroni
66%
Castries
66%
Basseterre
66%
Funafuti
65%
Port Vila
65%
Yamoussoukro
65%
South Tarawa
64%
Yaren
64%
Honiara
63%
Nukuʻalofa
62%
Majuro
62%
Palikir
61%
Gitega
59%
Ngerulmud
58%

Score Distribution

Percentile by Number Answered

Percent of People with Each Score

Your Score History

You have not taken this quiz since the last reset